000 00842nam a22002777a 4500
001 5751
003 FISKH
005 20250828131257.0
008 250120b cb ||||| |||| 00| 0 eng d
040 _aFISKH
_beng
_cFISKH
_dFISKH
050 _aPZ7.F836
082 _a740
100 _aKroll, Virginia
_d(1948-)
245 _aButterfly boy /
_cby Virginia Kroll Illustrated by Gerardo Suzan
260 _aNew York :
_bScholastic,
_c1997.
300 _a29 pages :
_bcolor illustrations ;
_c28 cm
505 _aN
520 _aA boy and his grandfather joyfully watch a gathering of butterflies in this story set in Mexico.
521 8 _a570
_bLexile
521 8 _aN
_bRaz-Plus
650 _2Family
_aGrandfather
650 _2Fiction
_aSeasons
700 _aSuzan, Gerardo
_dillustrator
942 _2ddc
_cBK
_n0
999 _c5751
_d5751